| 000 | 02976cam a2200361 4500500 | ||
|---|---|---|---|
| 005 | 20251228073557.0 | ||
| 041 | _afre | ||
| 042 | _adc | ||
| 100 | 1 | 0 |
_aKaltenbeck, Franz _eauthor |
| 245 | 0 | 0 | _a« On dirait un môme » |
| 260 | _c2016. | ||
| 500 | _a85 | ||
| 520 | _aL’enfant n’est pas seulement le pôle d’attentes ou le support narcissique de ses parents, ce « revenant » qui leur permet d’accéder à l’immortalité, selon Freud. Pour les grands dramaturges, il est aussi celui qui révèle le destin (Shakespeare, Macbeth) un messager d’une rencontre manquée (Beckett, En attendant Godot) ou le signifiant forclos de la vie (Beckett, Fin de partie). Dans le réel cru, il peut aussi devenir la victime d’un meurtre oubliée par toute la société. Nous consacrerons notre article à ces fonctions dramatiques et trop réelles de l’enfant, peu abordées par la psychanalyse. | ||
| 520 | _aThe child is not only the pole of expectancy or the narcissistic support of his parents, a ‘walking dead’ who allows them to reach for immortality. For the major playwrights, he is also he who discloses fate (Macbeth, Shakespeare), the messenger of a missed encounter (Waiting for Godot, Beckett) or the foreclosed signifier of life (End of Game, Beckett). In raw reality, he can also be the victim of a murder, ignored by society. We devote our paper to these fictitious and yet very real functions of the child, functions which are too often overlooked by psychoanalysis. | ||
| 690 | _aforclusion de ce signifiant | ||
| 690 | _aL’enfant « d’un autre monde » dans En attendant Godot de Samuel Beckett | ||
| 690 | _al’enfant comme signifiant de la vie | ||
| 690 | _al’enfant dans le réel de l’hallucination de Clov dans Fin de partie | ||
| 690 | _ala vie qui dépasse la mort | ||
| 690 | _aLe refoulement de l’enfant mort dans Le conte d’hiver de Shakespeare | ||
| 690 | _asa ré-apparition dans la mise en scène de Declan Donnellan (2016) : memento mori lors de la célébration de la vie | ||
| 690 | _aSamuel Beckett sur Clov dans Fin de partie | ||
| 690 | _aSolitude d’un enfant torturé quand la société ferme les yeux | ||
| 690 | _aLife stronger than death | ||
| 690 | _aSamuel Beckett talking about Clov | ||
| 690 | _asolitude of the tortured child when society closes its eyes | ||
| 690 | _aThe child as the signifier of life and the foreclosure of this signifier | ||
| 690 | _aThe child from another world in ‘Waiting for Godot’ by Samuel Beckett | ||
| 690 | _aThe child in the Real of the hallucination of Clov in ‘End of Game’ | ||
| 690 | _aThe repression of the dead child in ‘A Winter Tale’ by Shakespeare and his reappearance in the 2016 staging of the play by Decla | ||
| 786 | 0 | _nSavoirs et clinique | 21 | 2 | 2016-10-17 | p. 44-54 | 1634-3298 | |
| 856 | 4 | 1 | _uhttps://shs.cairn.info/revue-savoirs-et-cliniques-2016-2-page-44?lang=fr&redirect-ssocas=7080 |
| 999 |
_c1595490 _d1595490 |
||